Alexander the Great and Egypt : history, art, tradition, Wrocław /Breslau, 18. /19. Nov. 2011 /

محفوظ في:

مؤلفون آخرون: Grieb, Volker., Nawotka, Krzysztof., Wojciechowska, Agnieszka.

التنسيق: كتاب

اللغة: English
French
German

منشور في: Wiesbaden : Otto Harrassowitz, 2014.

سلاسل: Philippika ; 74.

الموضوعات:

الوسوم: إضافة وسم

لا توجد وسوم, كن أول من يضع وسما على هذه التسجيلة!

رقم الطلب: DS41 .P28 v.74

LEADER 01356namaa2200361 4500
001 23690
003 OSt
005 20211115111443.0
008 130303s2014 gw ab g b 001 0beng d
952 |0 0  |1 0  |2 lcc  |3 V.74  |4 0  |6 DS0041 P28 V.00074  |7 1  |9 22141  |a ARCE  |b ARCE  |d 2021-11-15  |l 0  |o DS41 .P28 v.74  |p 1007600  |r 2021-11-15 00:00:00  |w 2021-11-15  |y BK 
999 |c 22788  |d 22788 
020 |a 3447102705 
020 |a 9783447102704 
040 |c ARCE Library 
041 0 |a eng  |a fre  |a ger 
043 |a f-ua--- 
050 4 |a DS41 .P28 v.74 
245 0 0 |a Alexander the Great and Egypt :   |b history, art, tradition, Wrocław /Breslau, 18. /19. Nov. 2011 /   |c edited by Volker Grieb, Krzysztof Nawotka and Agnieszka Wojciechowska.  |h   
264 1 |a Wiesbaden :   |b Otto Harrassowitz,   |c 2014. 
300 |a 458 pages :  |b illustration, map ;  |c 25 cm. 
490 1 |a Philippika,   |x 1613-5628 ;  |v 74. 
504 |a Includes bibliographical references and indexes. 
546 |a Essays in English, French, and German. 
555 |a Hadeer 
600 0 0 |a Alexander,  |c the Great,  |d 356 B.C.-323 B.C.  |x Influence. 
651 0 |a Egypt  |x Antiquities. 
651 0 |a Egypt  |x History  |y 332-30 B.C. 
700 1 |a Grieb, Volker.  |9 31103 
700 1 |a Nawotka, Krzysztof.  |9 36783 
700 1 |a Wojciechowska, Agnieszka.  |9 42335 
830 0 |a Philippika ;   |v 74. 
901 |a reviewed 
942 |c BK  |2 lcc